Associe ces toupies à leurs bladers (Beyblade: Metal Fusion) - Statistiques

Statistiques générales
  • Ce quiz a été pris 367 fois
  • Le résultat moyen est 13 sur 20
Statistiques - réponses
Hint Réponse % Correct
Benkei Hanawa Dark Bull
92%
Ryuga Lightning L-Drago
89%
Kyoya Tategami Rock Leone
89%
Kenta Yumiya Flame Sagittario
87%
Tsubasa Otori Earth Eagle
84%
Gingka Hagane Storm Pegasus
79%
Ryo Hagane (Phoenix) Burn Fireblaze
77%
Yu Tendo Flame Libra
77%
Doji Dark Wolf
75%
Hikaru Hazama Storm Aquario
73%
Tobio Oike (Cap'taine Capri) Storm Capricorn
72%
Hyoma Rock Aries
67%
Dan & Reiki Sodo Evil Gemios
62%
Sora Akatsuki Cyber Pegasus
60%
Tetsuya Watarigani Dark Gasher
54%
Reiji Mizuchi Poison Serpent
53%
Ryutaro Fukami Thermal Pisces
44%
Kumasuke Kumade Rock Orso
43%
Teru Saotome Earth Virgo
42%
Busujima Rock Scorpio
24%
Aucun quiz correspondant
Distribution des résultats
% des personnes avec chaque résultat
Percentile par nombre de réponses
Votre historique - résultats
Vous n’avez pas pris ce quiz